| 000 | 00373nam a2200133Ia 4500 | ||
|---|---|---|---|
| 008 | 231129s9999||||xx |||||||||||||| ||spa|| | ||
| 020 | _a968-880-958-6 | ||
| 040 | _bspa | ||
| 082 | _a004.68 T164r | ||
| 100 | _aTanenbaum Andrew S. | ||
| 245 | 0 | _aRedes de computadoras | |
| 264 | _aMéxico : Pearson Prentice Hall | ||
| 942 |
_2ddc _cBKS |
||
| 999 |
_c23807 _d23807 |
||